| 000 | 00533nam 22002053 4500 | ||
|---|---|---|---|
| 001 | 202135 | ||
| 021 |
_aPT _b60367/92 |
||
| 090 | _a202135 | ||
| 100 | _a20260511d u||y0pory50 ba | ||
| 200 |
_aO Bando dos Broncos _fFranquim |
||
| 210 |
_aLisboa _cMeribérica/ Liber _dD. L. 1992 |
||
| 215 |
_a46, [2] p. _cil. ; brochado _d29 cm |
||
| 225 | _aGaston | ||
| 606 |
_91586 _aDesenho ArtĂstico |
||
| 610 | _aBanda Desenhada | ||
| 675 |
_a74 _vPT _zpor |
||
| 700 |
_910122 _aFranquim |
||
| 801 |
_aPT _bBMMN _gRPC |
||
| 830 | _cIsabel | ||
| 990 | _cLIVROS | ||